[Event "15th London Classic Open"]
[Site "London ENG"]
[Date "2025.11.28"]
[Round "3.15"]
[White "Golding, Alex"]
[Black "Mikhalevski, Victor"]
[Result "0-1"]
[WhiteTitle "IM"]
[BlackTitle "GM"]
[WhiteElo "2370"]
[BlackElo "2504"]
[WhiteFideId "427241"]
[BlackFideId "2801914"]
[EventDate "2025.11.27"]

1. e4 e5 2. Nf3 Nc6 3. Bc4 Bc5 4. d3 Nf6 5. Nc3 h6 6. a3 a6 7. Be3 d6 8. b4 Bxe3
9. fxe3 Ne7 10. O-O Ng6 11. Qe1 O-O 12. Nh4 Kh7 13. Nxg6 fxg6 14. Nd5 Nd7 15.
Rxf8 Nxf8 16. Nc3 Be6 17. Bxe6 Nxe6 18. Qe2 c6 19. h3 b5 20. Qg4 Qe7 21. a4 Ra7
22. axb5 h5 23. Qd1 axb5 24. Rxa7 Qxa7 25. Qd2 Qa1+ 26. Kf2 Nc7 27. Ne2 Na6 28.
c3 c5 29. bxc5 dxc5 30. d4 b4 31. cxb4 cxb4 32. Nc1 Qb1 33. Nd3 b3 34. Qc3 Nc7
35. Kg3 Nb5 36. Qd2 Nd6 37. Kf3 Qf1+ 38. Nf2 Nc4 39. Qd1 b2 0-1

[Event "15th London Classic Open"]
[Site "London ENG"]
[Date "2025.11.28"]
[Round "3.16"]
[White "Flear, Glenn C"]
[Black "Ghasi, Ameet K"]
[Result "1/2-1/2"]
[WhiteTitle "GM"]
[BlackTitle "GM"]
[WhiteElo "2376"]
[BlackElo "2500"]
[WhiteFideId "400165"]
[BlackFideId "409200"]
[EventDate "2025.11.27"]

1. d4 d6 2. c4 Nf6 3. Nc3 g6 4. e4 Bg7 5. Be2 O-O 6. Bg5 Nc6 7. d5 Ne5 8. f4
Ned7 9. Nh3 c6 10. Nf2 cxd5 11. cxd5 b5 12. Bxb5 Nc5 13. O-O Rb8 14. Qe2 h6 15.
Bh4 Bd7 16. Bxd7 Qxd7 17. Rab1 Nh5 18. Qf3 f5 19. exf5 Rxf5 20. g3 Rb4 21. Qe2
e5 22. dxe6 Nxe6 23. Nd3 Rb8 24. Rbe1 Bd4+ 25. Kh1 Qb7+ 26. Qf3 Qxf3+ 27. Rxf3
Nhg7 28. g4 Rf7 29. Bg3 Bxc3 30. bxc3 Rc8 31. Nb4 Rc4 32. Nd5 h5 33. gxh5 gxh5
34. f5 Ng5 35. Rf4 Rc5 36. c4 Nxf5 37. Rxf5 Rxf5 38. Ne7+ Kf7 39. Nxf5 Rxf5 40.
Bxd6 Ne6 41. Re2 Rf1+ 42. Kg2 Rc1 43. c5 Kf6 44. Rf2+ Kg6 45. Be7 Nxc5 46. Rf6+
Kg7 47. Rc6 Nd3 48. Rxc1 Nxc1 49. a3 Nd3 50. Kf3 Kf7 51. Bg5 Ke6 52. Be3 Ne5+
53. Ke4 Nc4 54. Bc5 a6 55. Kf4 Ne5 56. Bd4 Nc4 57. a4 a5 58. Kg5 Nd2 59. Kf4 Nc4
60. h4 Nd6 61. Bc3 Nf5 62. Kg5 Nxh4 63. Kxh4 Kd5 64. Bxa5 Kc6 65. Kxh5 1/2-1/2

[Event "15th London Classic Open"]
[Site "London ENG"]
[Date "2025.11.28"]
[Round "3.17"]
[White "Royal, Shreyas"]
[Black "Banerjee, Supratit"]
[Result "1/2-1/2"]
[WhiteTitle "GM"]
[BlackTitle "FM"]
[WhiteElo "2495"]
[BlackElo "2323"]
[WhiteFideId "448869"]
[BlackFideId "2410079"]
[EventDate "2025.11.27"]

1. d4 Nf6 2. c4 g6 3. Nc3 Bg7 4. e4 O-O 5. Nf3 d6 6. Be2 e5 7. O-O exd4 8. Nxd4
Re8 9. f3 c6 10. Bf4 Nh5 11. Be3 f5 12. Qd2 f4 13. Bf2 Be5 14. Rfd1 Qe7 15. b4
a5 16. b5 c5 17. Nd5 Qd8 18. b6 cxd4 19. Nc7 Nc6 20. Nxa8 Ng7 21. Nc7 Rf8 22.
Rac1 Ne6 23. Nxe6 Bxe6 24. c5 dxc5 25. Rxc5 Qxb6 26. Rdc1 Bg7 27. Rb5 Qc7 28.
Bc4 Bxc4 29. Rxc4 Qf7 30. Rcc5 Re8 31. Qc2 Bf8 32. Rc4 Nb4 33. Rbxb4 axb4 34.
Bxd4 Ra8 35. Qb3 Ra3 36. Qc2 Rxa2 37. Qxa2 b5 38. Rc2 b3 39. Qb2 bxc2 40. Qxc2
b4 41. Kf2 Qe6 42. Ke2 b3 43. Qd3 Bg7 44. Kd2 b2 45. Bxg7 Qa2 46. Bxb2 Qxb2+ 47.
Qc2 Qd4+ 48. Ke2 Qe3+ 49. Kf1 Kg7 50. h4 h5 51. Qe2 Qc1+ 52. Qe1 Qc4+ 53. Kg1
Qd4+ 54. Kh2 Qe5 55. Qd2 Qf6 56. g3 fxg3+ 57. Kxg3 Qe5+ 58. Kg2 Qf6 59. Qg5 Qb2+
60. Kg3 Qb4 61. Qe3 Qd6+ 62. e5 Qd1 63. Kg2 Qc2+ 64. Kh3 Qc6 65. Kg3 Kf7 66. Qh6
Qe6 67. Qf4+ Ke7 68. Qb4+ Kf7 69. Qb7+ Ke8 70. Qb5+ Kf7 71. Qb7+ Ke8 72. Qb8+
Kd7 73. Qb5+ Ke7 74. Qb4+ Kf7 75. Qd4 Ke7 76. Qa7+ Ke8 77. Qa8+ Kf7 78. Qb7+ Ke8
79. Qe4 Kf7 80. Kf4 Qe7 81. Qd5+ Kg7 82. Kg3 Qb4 83. Qd7+ Kh6 84. Qd1 Kg7 85.
Qc1 Qe7 86. Qc3 Kf7 87. Qc4+ Kg7 88. Qd4 Qe6 89. Qd6 Qf5 90. Qd4 Qe6 91. Kf4
Qf7+ 92. Kg3 Qf5 93. e6+ Qf6 94. Qd6 Kg8 95. f4 Qc3+ 96. Kf2 Qf6 97. Qb8+ Kg7
98. Qc7+ Kf8 99. Qc8+ Ke7 100. Qd7+ Kf8 101. Ke3 Qc3+ 102. Ke4 Qc4+ 103. Ke5
Qc5+ 104. Qd5 Qe3+ 105. Qe4 Qc5+ 106. Kf6 Qe7+ 107. Kxg6 Qxe6+ 1/2-1/2

[Event "15th London Classic Open"]
[Site "London ENG"]
[Date "2025.11.28"]
[Round "3.18"]
[White "Grieve, Harry"]
[Black "Vijayakumar, Rishi"]
[Result "1-0"]
[WhiteTitle "IM"]
[BlackTitle "FM"]
[WhiteElo "2491"]
[BlackElo "2300"]
[WhiteFideId "426520"]
[BlackFideId "2408953"]
[EventDate "2025.11.27"]

1. e4 e5 2. Nf3 Nc6 3. Bc4 d6 4. c3 f5 5. exf5 Bxf5 6. O-O Qd7 7. d4 O-O-O 8.
Bb5 exd4 9. Nxd4 Nge7 10. Bg5 Re8 11. Bxe7 Bxe7 12. Qf3 Bg4 13. Qd5 a6 14. Ba4
Bh4 15. Nxc6 bxc6 16. Bxc6 Qe6 17. Qd4 Ref8 18. Nd2 h5 19. f3 Qe2 20. fxg4 Bg5
21. Rfe1 Qxd2 22. Qa7 Qxb2 23. Qxa6+ 1-0

[Event "15th London Classic Open"]
[Site "London ENG"]
[Date "2025.11.28"]
[Round "3.19"]
[White "Bazakutsa, Svyatoslav"]
[Black "Manmay Chopra"]
[Result "1-0"]
[WhiteTitle "IM"]
[BlackTitle "CM"]
[WhiteElo "2478"]
[BlackElo "2142"]
[WhiteFideId "14198525"]
[BlackFideId "25649191"]
[EventDate "2025.11.27"]

1. c4 e5 2. g3 Nc6 3. Bg2 g6 4. Nc3 Bg7 5. d3 d6 6. e4 Nge7 7. Nge2 O-O 8. O-O
Be6 9. Nd5 a5 10. Be3 f5 11. Qd2 Qd7 12. Bg5 Nc8 13. Rab1 fxe4 14. dxe4 Nd4 15.
Nxd4 exd4 16. b3 c6 17. Nf4 Bf7 18. Bh3 Qe8 19. Nd3 Be6 20. Bg2 Qd7 21. Bh6 Bxh6
22. Qxh6 Ne7 23. Rbe1 a4 24. e5 axb3 25. axb3 Bf5 26. exd6 Qxd6 27. c5 Qf6 28.
Qd2 Bxd3 29. Qxd3 Ra2 30. Qc4+ Kh8 31. Re6 Qg7 32. Be4 Rd2 33. Qb4 Rdxf2 34.
Rxf2 Rxf2 35. Qxb7 Rf1+ 36. Kg2 Rf2+ 37. Kg1 Rf1+ 38. Kg2 Rf2+ 39. Kxf2 Qf7+ 40.
Ke2 Qxe6 41. Kd3 Nd5 42. Qb8+ Kg7 43. Kxd4 Nf6 44. Qb7+ Kh6 45. Bxc6 Ng4 46. Be4
Qf6+ 47. Kc4 Qf1+ 48. Kb4 Qe1+ 49. Kb5 Qe2+ 50. Kb6 Qe3 51. b4 Qd4 52. Kb5 Nf6
53. Bc6 Qd3+ 54. Ka5 Qa3+ 55. Kb5 Qd3+ 56. Kb6 Qd4 57. b5 Ng4 58. Qd7 1-0

[Event "15th London Classic Open"]
[Site "London ENG"]
[Date "2025.11.28"]
[Round "3.20"]
[White "Mesropyan, Hayk"]
[Black "Willow, Jonah B"]
[Result "0-1"]
[BlackTitle "IM"]
[WhiteElo "2136"]
[BlackElo "2472"]
[WhiteFideId "499455"]
[BlackFideId "438804"]
[EventDate "2025.11.27"]

1. e4 e6 2. d4 d5 3. Nc3 Bb4 4. e5 c5 5. a3 Bxc3+ 6. bxc3 Nc6 7. h4 Bd7 8. h5
Qa5 9. Bd2 O-O-O 10. Bd3 c4 11. Be2 f6 12. f4 h6 13. Nf3 Nge7 14. Nh4 Qa4 15.
Bf3 Rdf8 16. O-O Kb8 17. Be1 Ka8 18. Qe2 Rhg8 19. Kh2 Nd8 20. Bg3 Qa5 21. Qd2
Nf7 22. Rae1 fxe5 23. dxe5 Nd8 24. Bg4 g6 25. Nxg6 Nxg6 26. hxg6 Rxg6 27. Bh5
Rgg8 28. Bh4 Be8 29. Bxe8 Rxe8 30. f5 exf5 31. Rxf5 Ne6 32. Rf7 d4 33. Qe2 Qxc3
34. Rf3 d3 35. Qe4 Qxc2 36. Rf7 Qb2 37. Bf2 Ng5 38. Qe3 Qxe5+ 39. Qxe5 Rxe5 40.
Rc7 Nf3+ 0-1

[Event "15th London Classic Open"]
[Site "London ENG"]
[Date "2025.11.28"]
[Round "3.21"]
[White "Magold, Filip"]
[Black "Kanyamarala, Trisha"]
[Result "1-0"]
[WhiteTitle "IM"]
[BlackTitle "WIM"]
[WhiteElo "2465"]
[BlackElo "2149"]
[WhiteFideId "1254456"]
[BlackFideId "45004722"]
[EventDate "2025.11.27"]

1. c4 e5 2. d3 Nf6 3. Nf3 Nc6 4. a3 d5 5. cxd5 Nxd5 6. h3 Be7 7. e4 Nb6 8. Be2
Be6 9. Be3 Nd4 10. Bxd4 exd4 11. Nbd2 O-O 12. O-O c5 13. Qc2 Rc8 14. a4 Kh8 15.
Rae1 f5 16. a5 Nd7 17. exf5 Bxf5 18. Nc4 Qc7 19. Nfd2 Bg5 20. Bf3 Rce8 21. Rxe8
Rxe8 22. Bxb7 Qxb7 23. Nd6 Qa6 24. Nxf5 Re2 25. Qa4 Qe6 26. Ne4 Bf4 27. Qd1 Rxb2
28. Qg4 Be5 29. Ng5 Qe8 30. Qe4 Re2 31. Qd5 h6 32. Ne4 Nf6 33. Nxf6 Bxf6 34. Nd6
Qg6 35. Ne4 Be7 36. Rb1 Kh7 37. g3 Qe8 38. Rb7 Bg5 39. h4 Bxh4 40. gxh4 Qg6+ 41.
Kh2 Re1 42. Ng3 Qf6 43. Qf5+ Qxf5 44. Nxf5 Kg6 45. Nd6 Rd1 46. h5+ Kxh5 47. Rxg7
Rxd3 48. Kg2 Kh4 49. Nf5+ Kh5 50. f3 1-0

[Event "15th London Classic Open"]
[Site "London ENG"]
[Date "2025.11.28"]
[Round "3.22"]
[White "Panda, Barnabas"]
[Black "Roberson, Peter T"]
[Result "0-1"]
[BlackTitle "IM"]
[WhiteElo "2099"]
[BlackElo "2447"]
[WhiteFideId "799556"]
[BlackFideId "412384"]
[EventDate "2025.11.27"]

1. d4 Nf6 2. c4 e6 3. g3 d5 4. Bg2 Bb4+ 5. Nd2 O-O 6. Nf3 b6 7. O-O Bb7 8. a3
Be7 9. Ne5 c5 10. Ndf3 a5 11. Bf4 Na6 12. Qa4 Rc8 13. Rfd1 h6 14. h4 Bd6 15.
Rac1 Qe7 16. Qb5 Bc7 17. Be3 Ne4 18. cxd5 exd5 19. Bh3 Ra8 20. Qd7 Rfe8 21. Qxe7
Rxe7 22. Bf4 c4 23. Nd2 Nxd2 24. Rxd2 b5 25. Bg2 Rd8 26. g4 b4 27. Bg3 Bd6 28.
a4 b3 29. Bf3 Nb4 30. h5 Bxe5 31. dxe5 Red7 32. Bh4 Re8 33. Rxc4 dxc4 34. Rxd7
Bxf3 35. exf3 c3 36. bxc3 b2 37. Rd1 Nd5 38. Rb1 Rb8 39. e6 fxe6 40. Bg3 Nxc3
41. Bxb8 Nxb1 42. Be5 Nc3 0-1

[Event "15th London Classic Open"]
[Site "London ENG"]
[Date "2025.11.28"]
[Round "3.23"]
[White "Hebden, Mark L"]
[Black "Smirin, Ilia"]
[Result "0-1"]
[WhiteTitle "GM"]
[BlackTitle "GM"]
[WhiteElo "2355"]
[BlackElo "2554"]
[WhiteFideId "400084"]
[BlackFideId "2801990"]
[EventDate "2025.11.27"]

1. d4 Nf6 2. Bg5 Ne4 3. Bh4 d5 4. f3 Nf6 5. Nc3 c5 6. e4 cxd4 7. Qxd4 Nc6 8. Bb5
Bd7 9. Bxc6 bxc6 10. e5 Ng8 11. Nge2 Qc7 12. Na4 Qa5+ 13. Nec3 e6 14. Bf2 Ne7
15. g4 c5 16. Qxc5 Qa6 17. Qd6 Nc6 18. Nc5 Bxd6 19. Nxa6 Nxe5 20. O-O-O Nxf3 21.
Kb1 Rc8 22. Bg3 Bxg3 23. hxg3 Rc4 24. Rhf1 Nh2 25. Rfe1 O-O 26. g5 Bc8 27. Nb8
Nf3 28. Re3 Nxg5 29. b3 Rc7 30. Kb2 Bb7 31. Nb5 Re7 32. c4 Rxb8 33. cxd5 Rd7 0-1

[Event "15th London Classic Open"]
[Site "London ENG"]
[Date "2025.11.28"]
[Round "3.24"]
[White "Conquest, Stuart C"]
[Black "Panjer, Sidney"]
[Result "1/2-1/2"]
[WhiteTitle "GM"]
[WhiteElo "2521"]
[BlackElo "2287"]
[WhiteFideId "400181"]
[BlackFideId "16207041"]
[EventDate "2025.11.27"]

1. d4 d5 2. Nf3 Nf6 3. Bg5 c5 4. Bxf6 gxf6 5. e3 Nc6 6. c4 cxd4 7. exd4 e6 8.
Nc3 dxc4 9. Bxc4 Bg7 10. O-O O-O 11. Re1 f5 12. d5 exd5 13. Bxd5 Bd7 14. Qd2 Qf6
15. Qf4 Rad8 16. Qc7 Bc8 17. Rad1 Rd7 18. Qf4 Re7 19. Rxe7 Nxe7 20. Bb3 Ng6 21.
Qc7 Qe7 22. Qxe7 Nxe7 23. Nb5 Nc6 24. Ng5 Bxb2 25. Nxf7 Kg7 26. Nfd6 Kf6 27. f4
a6 28. Nxc8 Rxc8 29. Nd6 Rb8 30. g3 Nd4 31. Rb1 Ba3 1/2-1/2

[Event "15th London Classic Open"]
[Site "London ENG"]
[Date "2025.11.28"]
[Round "3.25"]
[White "Gasanov, Eldar"]
[Black "Haydon, David L"]
[Result "1-0"]
[WhiteTitle "GM"]
[BlackTitle "FM"]
[WhiteElo "2447"]
[BlackElo "2284"]
[WhiteFideId "14104466"]
[BlackFideId "415405"]
[EventDate "2025.11.27"]

1. c4 Nf6 2. d4 e6 3. Nc3 Bb4 4. Nf3 b6 5. Qb3 a5 6. g3 Bb7 7. Bg2 O-O 8. O-O
Bxc3 9. Qxc3 d6 10. b3 Nbd7 11. Bb2 Ne4 12. Qc2 f5 13. d5 Ndc5 14. Nd4 exd5 15.
f3 Nf6 16. Nxf5 Qd7 17. cxd5 Bxd5 18. e4 Be6 19. g4 Rae8 20. Kh1 d5 21. Rad1 Qf7
22. g5 Nh5 23. Bxg7 Bxf5 24. Bxf8 Rxf8 25. exf5 Qxf5 26. Qxf5 Rxf5 27. Bh3 Rxg5
28. f4 Rg7 29. Rxd5 Nf6 30. Rd8+ Kf7 31. Rc8 Nd5 32. Bg2 Ke6 33. f5+ Ke5 34.
Re8+ Re7 35. Re1+ Kd6 36. Bxd5 1-0

[Event "15th London Classic Open"]
[Site "London ENG"]
[Date "2025.11.28"]
[Round "3.26"]
[White "Aizenberg, Benny"]
[Black "Vu Dinh, Adrien"]
[Result "1-0"]
[WhiteTitle "IM"]
[WhiteElo "2444"]
[BlackElo "2281"]
[WhiteFideId "2821125"]
[BlackFideId "45186995"]
[EventDate "2025.11.27"]

1. e4 c5 2. Nf3 Nc6 3. Bb5 g6 4. O-O Bg7 5. c3 Nf6 6. Re1 O-O 7. d4 Qb6 8. Bf1
cxd4 9. cxd4 d5 10. e5 Ne4 11. Nc3 Rd8 12. h3 Bf5 13. a3 Nxc3 14. bxc3 Na5 15.
g4 Bd7 16. a4 Qc7 17. Ba3 Be8 18. Bb4 Rac8 19. Rb1 Bf8 20. h4 Nc6 21. Ba3 Na5
22. Re3 Nc4 23. Bxc4 Qxc4 24. Rxb7 Bxa4 25. Qb1 Rc7 26. e6 f6 27. g5 fxg5 28.
hxg5 Rxb7 29. Qxb7 Bb5 30. Nd2 Qc6 31. Qxa7 Ra8 32. Qc5 Qa6 33. Bb2 Rb8 34. Qc7
Rb6 35. c4 Bxc4 36. Nxc4 dxc4 37. Rf3 Qb5 38. Rxf8+ Kxf8 39. Qd8+ 1-0

[Event "15th London Classic Open"]
[Site "London ENG"]
[Date "2025.11.28"]
[Round "3.27"]
[White "Tica, Sven"]
[Black "Noy, Eyal"]
[Result "0-1"]
[WhiteTitle "IM"]
[BlackTitle "FM"]
[WhiteElo "2441"]
[BlackElo "2275"]
[WhiteFideId "14526948"]
[BlackFideId "2821117"]
[EventDate "2025.11.27"]

1. d4 Nf6 2. g3 d5 3. Bg2 c5 4. c4 dxc4 5. Qa4+ Qd7 6. Qxd7+ Nfxd7 7. dxc5 Nc6
8. Na3 Nxc5 9. Be3 e5 10. Rc1 Ne6 11. Nxc4 Bb4+ 12. Kf1 Bd7 13. a3 Be7 14. b4 f6
15. f4 exf4 16. gxf4 Rb8 17. Rd1 Rc8 18. Nd6+ Bxd6 19. Rxd6 b6 20. Nf3 Ne7 21.
Bh3 Nf8 22. Bxd7+ Nxd7 23. Nd4 f5 24. Ne6 Nf6 25. Nxg7+ Kf7 26. Ne6 Ned5 27.
Ng5+ Ke7 28. Re6+ Kd7 29. Re5 h6 30. Nf3 Nxe3+ 31. Rxe3 Rc1+ 32. Ne1 Ne4 33.
Rd3+ Ke6 34. Rg1 Kf6 35. e3 Rhc8 36. Rd7 R8c2 37. Rg2 Rxe1+ 38. Kxe1 Rxg2 39.
Rxa7 Nc3 40. Rc7 Nd5 41. Rc6+ Ke7 42. Rxh6 Ra2 43. e4 fxe4 44. f5 e3 45. Re6+
Kd7 46. Re5 Nf4 0-1

[Event "15th London Classic Open"]
[Site "London ENG"]
[Date "2025.11.28"]
[Round "3.28"]
[White "Wang, Hao(ZJ)"]
[Black "Itkin, David"]
[Result "1/2-1/2"]
[WhiteTitle "IM"]
[WhiteElo "2424"]
[BlackElo "2272"]
[WhiteFideId "8631859"]
[BlackFideId "2611813"]
[EventDate "2025.11.27"]

1. e4 c6 2. d4 d5 3. exd5 cxd5 4. c4 Nf6 5. Nc3 e6 6. Nf3 Bb4 7. cxd5 Nxd5 8.
Bd2 O-O 9. Bd3 Nc6 10. O-O Be7 11. a3 Nf6 12. Bf4 b6 13. Qe2 Bb7 14. Rad1 Rc8
15. Rfe1 Re8 16. Bb5 Nd5 17. Bg3 Nxc3 18. bxc3 Bxa3 19. Qa2 Bf8 20. h4 a6 21.
Bd3 h6 22. Be4 Na5 23. Bxb7 Nxb7 24. Qxa6 Nd6 25. d5 exd5 26. Rxe8 Qxe8 27. Rxd5
Nc4 28. Kh2 Qe6 29. Rd3 Qc6 30. Qa2 Bd6 31. Bxd6 Nxd6 32. Qe2 Re8 33. Re3 Rxe3
34. Qxe3 Nf5 35. Qe5 Qd6 36. g4 Qxe5+ 37. Nxe5 Nd6 38. Kg2 Ne4 39. c4 Nd2 40. g5
f6 41. gxf6 gxf6 42. Ng4 Nxc4 43. Nxh6+ Kh7 44. Nf5 b5 45. Kf3 b4 46. Nd4 Na5
47. Ke4 b3 48. Kd3 Kg6 49. Kc3 Kh5 50. Nxb3 Nxb3 51. Kxb3 Kxh4 52. Kc4 Kg4 53.
Kd5 Kf5 54. Kd6 Ke4 55. Ke6 f5 56. f3+ Kxf3 57. Kxf5 1/2-1/2

[Event "15th London Classic Open"]
[Site "London ENG"]
[Date "2025.11.28"]
[Round "3.29"]
[White "Aditya, Kunal Patil"]
[Black "Tulchynskyi, Feliks"]
[Result "0-1"]
[WhiteTitle "CM"]
[BlackTitle "IM"]
[WhiteElo "2208"]
[BlackElo "2409"]
[WhiteFideId "25656716"]
[BlackFideId "34127895"]
[EventDate "2025.11.27"]

1. e4 e5 2. Nf3 Nc6 3. Bc4 Nf6 4. d3 h6 5. c3 d6 6. Nbd2 g5 7. b4 Bg7 8. a4 O-O
9. Qb3 Ne7 10. b5 Ng6 11. a5 g4 12. Ng1 c6 13. bxc6 bxc6 14. a6 d5 15. exd5 cxd5
16. Bb5 Rb8 17. c4 Nf4 18. Ba3 dxc4 19. dxc4 Qd4 20. O-O-O Bf5 21. Nb1 Nd3+ 22.
Rxd3 Bxd3 23. Bxf8 Bxf8 24. Qc3 Ne4 25. Qxd4 exd4 26. Nf3 gxf3 27. gxf3 Nc3 0-1

[Event "15th London Classic Open"]
[Site "London ENG"]
[Date "2025.11.28"]
[Round "3.30"]
[White "Efroimski, Marsel"]
[Black "Laurent, Julien G."]
[Result "0-1"]
[WhiteTitle "IM"]
[BlackTitle "FM"]
[WhiteElo "2384"]
[BlackElo "2189"]
[WhiteFideId "2810964"]
[BlackFideId "618500"]
[EventDate "2025.11.27"]

1. e4 c6 2. d4 d5 3. e5 Bf5 4. Nf3 e6 5. Be2 Nd7 6. O-O Bg6 7. Nbd2 Nh6 8. c4
Be7 9. b3 O-O 10. Bb2 Nf5 11. h3 h5 12. g3 Qe8 13. cxd5 cxd5 14. Rc1 Rb8 15. Ne1
f6 16. Nd3 fxe5 17. dxe5 Bg5 18. Kh2 h4 19. g4 Ne7 20. f4 Bxd3 21. fxg5 Rxf1 22.
Qxf1 Bxe2 23. Qxe2 Rc8 24. Nf3 Rxc1 25. Bxc1 Ng6 26. Bd2 Qb8 27. Bc3 Qc7 28. Qe3
a6 29. Kg1 Qc5 30. Kf2 Nf4 31. Bd2 Ng6 32. Qxc5 Nxc5 33. Ke3 Ne4 34. Be1 Kf7 35.
b4 Ke7 36. a4 Kd7 37. Kd4 Nf4 38. Bxh4 g6 39. Be1 Nxh3 40. Nh4 Nhxg5 41. Ke3 Kc6
42. Nxg6 a5 43. bxa5 Kc5 44. Nf4 Kc4 45. Ne2 Nf7 46. Kf4 Nc5 47. Bc3 Nd3+ 48.
Ke3 Ndxe5 49. g5 Ng6 50. Bf6 e5 51. Ng3 Nd6 52. Kf3 d4 53. Kg4 Kd5 54. Kh5 Nf4+
55. Kg4 d3 56. Nf1 Nc4 57. Kf5 d2 58. Nxd2 Ne3# 0-1

[Event "15th London Classic Open"]
[Site "London ENG"]
[Date "2025.11.28"]
[Round "3.31"]
[White "Sammed Jaykumar, Shete"]
[Black "Vortmeier, Jan"]
[Result "1-0"]
[WhiteTitle "IM"]
[WhiteElo "2377"]
[BlackElo "2152"]
[WhiteFideId "5073421"]
[BlackFideId "16261321"]
[EventDate "2025.11.27"]

1. d4 Nf6 2. Nf3 g6 3. Nc3 d5 4. Bf4 Bg7 5. Nb5 Na6 6. e3 O-O 7. h3 Ne4 8. Nd2
c5 9. Nxe4 dxe4 10. c3 cxd4 11. exd4 Bd7 12. Qb3 e5 13. dxe5 Nc5 14. Qb4 Qe7 15.
O-O-O Bxe5 16. Bxe5 Qxe5 17. Qd4 Qg5+ 18. Qe3 Qxe3+ 19. fxe3 Be6 20. b3 Rac8 21.
Kb2 a6 22. Nd4 b5 23. Be2 Rc7 24. Rd2 Rfc8 25. Rc1 Kf8 26. Ka3 Ke7 27. c4 Nd7
28. Nxe6 Kxe6 29. Rcd1 Ne5 30. cxb5 axb5 31. Bxb5 Rc3 32. Re1 R8c5 33. Kb4 Rc2
34. Red1 Rxd2 35. Rxd2 Rc1 36. a4 f5 37. a5 g5 38. g3 Nf3 39. Rd8 1-0

[Event "15th London Classic Open"]
[Site "London ENG"]
[Date "2025.11.28"]
[Round "3.32"]
[White "Rushbrooke, Remy"]
[Black "Korshunov, Sergey And."]
[Result "0-1"]
[BlackTitle "FM"]
[WhiteElo "2119"]
[BlackElo "2377"]
[WhiteFideId "443590"]
[BlackFideId "34274715"]
[EventDate "2025.11.27"]

1. Nf3 Nf6 2. g3 g6 3. Bg2 Bg7 4. c4 O-O 5. d4 d5 6. O-O dxc4 7. Na3 c3 8. bxc3
c5 9. Nc4 Nc6 10. Nfe5 Nd5 11. Bb2 Be6 12. e4 Nb6 13. Nxc6 bxc6 14. Ne3 Nc4 15.
d5 Nxe3 16. fxe3 Bd7 17. Rb1 Rb8 18. Qa4 Qc7 19. Qa3 cxd5 20. exd5 Rb6 21. Ba1
Rfb8 22. Rbc1 Qd6 23. Rc2 c4 24. Qc1 Bh6 25. Qe1 Rb1 26. Rc1 Rxc1 27. Qxc1 Bf5
28. Kf2 Bd3 29. Re1 Qf6+ 30. Kg1 Rb1 31. Qd2 Qb6 32. Kf2 Bxe3+ 33. Rxe3 Rxa1 0-1

[Event "15th London Classic Open"]
[Site "London ENG"]
[Date "2025.11.28"]
[Round "3.33"]
[White "Stone, Andrew M"]
[Black "Willems, Niels"]
[Result "1/2-1/2"]
[BlackTitle "FM"]
[WhiteElo "2122"]
[BlackElo "2368"]
[WhiteFideId "404985"]
[BlackFideId "20695586"]
[EventDate "2025.11.27"]

1. Nf3 Nf6 2. c4 c5 3. Nc3 Nc6 4. d4 cxd4 5. Nxd4 e6 6. g3 Qb6 7. Ndb5 d5 8. Bg2
a6 9. Be3 Qa5 10. Nd4 Bb4 11. Nxc6 bxc6 12. Bd2 Qb6 13. O-O O-O 14. a3 Be7 15.
Na4 Qd8 16. Qc2 e5 17. Rfd1 Be6 18. Bg5 Rc8 19. Bxf6 gxf6 20. Be4 h6 21. Bf5 Kg7
22. Bxe6 fxe6 23. e3 e4 24. Qe2 Qa5 25. Qg4+ Kf7 26. Qh5+ Kg7 27. Qg4+ Kf7 28.
Qh5+ Kg7 1/2-1/2

[Event "15th London Classic Open"]
[Site "London ENG"]
[Date "2025.11.28"]
[Round "3.34"]
[White "Otsuka, Shou"]
[Black "Farberov, Maxim"]
[Result "1-0"]
[WhiteTitle "FM"]
[WhiteElo "2335"]
[BlackElo "2133"]
[WhiteFideId "7004702"]
[BlackFideId "2070944"]
[EventDate "2025.11.27"]

1. Nf3 d6 2. c4 e5 3. Nc3 f5 4. g3 Nf6 5. Bg2 Be7 6. O-O O-O 7. b4 a6 8. d3 Qe8
9. e3 Nc6 10. Rb1 Kh8 11. a4 Nd8 12. b5 Ne6 13. Ba3 e4 14. Nd4 Nc5 15. Bxc5 dxc5
16. Nde2 Bd6 17. b6 Rb8 18. dxe4 fxe4 19. bxc7 Bxc7 20. Nd5 Be5 21. Nxf6 Bxf6
22. Nf4 Bd7 23. a5 Bc6 24. Nd5 Qe5 25. Qc2 Rbe8 26. Rfd1 Bd8 27. Qa2 Be7 28. Rd2
g5 29. Rb3 Rf7 30. Rb1 Rff8 31. Rbd1 Bd8 32. Qa3 Be7 33. Bh3 h5 34. Nb6 g4 35.
Bg2 Qf5 36. Qb2+ Bf6 37. Qc2 h4 38. Nd7 Rf7 39. Rd5 Bxd5 40. Rxd5 Qg6 41. Nxc5
Rfe7 42. Rd6 Qf5 43. Rd5 Qh7 44. Qd1 Qg6 45. Rd6 hxg3 46. hxg3 Qf5 47. Rd5 Qg6
48. Qb1 Bg7 49. Qb4 Qf7 50. Qd2 Qg6 51. Nd7 Rf7 52. Nc5 Rfe7 53. Qc2 Bf8 54. Nb3
Bg7 55. Nd2 Re6 56. c5 R6e7 57. Nc4 Rf8 58. Nd6 Re5 59. Bxe4 Qf6 60. Rxe5 Qxe5
61. Bxb7 Qa1+ 62. Kg2 Qxa5 63. Bd5 Bh6 64. Nf7+ Kg7 65. Qf5 Bxe3 66. Qe5+ Kg6
67. Qe6+ Kg7 68. Qxg4+ Kf6 69. Qe6+ Kg7 70. Qe5+ Kg6 71. Qxe3 Rxf7 72. Qe8 Qc7
73. c6 1-0

[Event "15th London Classic Open"]
[Site "London ENG"]
[Date "2025.11.28"]
[Round "3.35"]
[White "Hryshchenko, Kamila"]
[Black "Langheinrich, Ferenc"]
[Result "1/2-1/2"]
[WhiteTitle "WFM"]
[BlackTitle "IM"]
[WhiteElo "2066"]
[BlackElo "2334"]
[WhiteFideId "14147491"]
[BlackFideId "4641973"]
[EventDate "2025.11.27"]

1. e4 c5 2. Nf3 Nc6 3. Bb5 Nf6 4. Bxc6 dxc6 5. d3 g6 6. h3 Bg7 7. Nc3 b6 8. Be3
Nd7 9. a4 a5 10. O-O e5 11. Nh2 Nf8 12. Ne2 Ne6 13. Qd2 O-O 14. Bh6 Bxh6 15.
Qxh6 Qg5 16. Qxg5 Nxg5 1/2-1/2

[Event "15th London Classic Open"]
[Site "London ENG"]
[Date "2025.11.28"]
[Round "3.36"]
[White "Negrean, Andrei"]
[Black "Hanache, Kai"]
[Result "0-1"]
[WhiteTitle "FM"]
[WhiteElo "2334"]
[BlackElo "2122"]
[WhiteFideId "1291513"]
[BlackFideId "490105"]
[EventDate "2025.11.27"]

1. e4 c5 2. Nf3 d6 3. d4 cxd4 4. Nxd4 Nf6 5. Nc3 Nc6 6. Bg5 e6 7. Bb5 Bd7 8. Qd3
Nxd4 9. Bxd7+ Qxd7 10. Qxd4 Be7 11. O-O-O Rc8 12. f4 Qc6 13. e5 dxe5 14. fxe5
Bc5 15. Qd3 Nd5 16. Nxd5 exd5 17. Kb1 d4 18. c3 O-O 19. cxd4 Bxd4 20. Be7 Rfe8
21. Qxd4 Qc2+ 22. Ka1 Rxe7 23. Qxa7 Qxg2 24. Qd4 Qe2 25. Qh4 Ree8 26. Rhe1 Qb5
27. Qd4 Rc2 28. h4 h6 29. a3 Rc4 30. Qf2 Rec8 31. Rf1 Qe8 32. Qf5 R4c7 33. Rg1
Qe7 34. h5 Re8 35. Qf6 Qxe5 36. Rxg7+ Kf8 37. Qxh6 Qxg7 38. Qd6+ Rce7 39. h6 Qg6
40. h7 Qxh7 41. Re1 Qg6 42. Qb4 f6 43. Qc5 b6 44. Qd6 Kf7 45. Qd5+ Kg7 46. Rxe7+
Rxe7 0-1